000 00481cam a2200193ua 4500
001 6288
005 20260515114027.0
008 131128n ii |||gr||||Z||||||eng
040 _cMAIN
082 _a651
245 _aSecretarial practice
_cBy M.C. Kuchhal
250 _a1st ed.
260 _aNew delhi:
_bVikas publishing house pvt ltd,
_c1975.
300 _axv,634p.
653 _aCommerce
653 _aSecretarial practice
700 _aKuchhal,M.C.,
_eAuthor.
942 _cBK
999 _c5435
_d5435